[Event "SR 2. liga A 2003/2004"]
[Site "?"]
[Date "2004.02.21"]
[Round "11.1"]
[White "Kundrik, Peter"]
[Black "Kleman, Miroslav"]
[Result "1-0"]
[WhiteElo "2163"]
[BlackElo "2158"]
[PlyCount "85"]
[EventDate "2003.??.??"]

1. e4 Nc6 2. d4 d6 3. h3 e5 4. Nf3 exd4 5. Nxd4 g6 6. Be3 Bg7 7. Nc3 Nxd4 8.
Bxd4 Bxd4 9. Qxd4 Qf6 10. Qe3 Ne7 11. O-O-O a6 12. f4 O-O 13. g4 Re8 14. Qg3
Bd7 15. e5 Qg7 16. Nd5 Kh8 17. Nf6 Red8 18. Bd3 Bc6 19. Rhf1 Ng8 20. g5 Ne7 21.
h4 h5 22. gxh6 Qxh6 23. exd6 Rxd6 24. Ng4 Qg7 25. Ne5 Rad8 26. Rde1 Ng8 27. h5
gxh5 28. Qh4 Nh6 29. Qxh5 Qf6 30. Ng4 Qg7 31. Ne5 Qf6 32. Qxh6+ Qxh6 33. Nxf7+
Kg7 34. Nxh6 Rxh6 35. Re7+ Kf8 36. Rxc7 Rd4 37. f5 Rf6 38. Kd2 Rh4 39. b3 b5
40. a3 Bg2 41. Re1 Bh3 42. Re5 Rh5 43. Rcc5 1-0

[Event "SR 2. liga A 2003/2004"]
[Site "?"]
[Date "2004.02.21"]
[Round "11.1"]
[White "Lanc, Alois"]
[Black "Duriga, Stefan"]
[Result "1-0"]
[WhiteElo "2380"]
[BlackElo "2246"]
[PlyCount "49"]
[EventDate "2003.??.??"]

1. e4 g6 2. d4 Bg7 3. Nc3 d6 4. f4 Nf6 5. Nf3 O-O 6. Bd3 Nc6 7. e5 Nd7 8. Ne4
Nb6 9. c3 f6 10. h4 dxe5 11. fxe5 Bg4 12. h5 Bxh5 13. Rxh5 gxh5 14. Nc5 e6 15.
Nxe6 Qe7 16. Nxf8 Rxf8 17. Qe2 fxe5 18. d5 Nxd5 19. Bc4 Qc5 20. Be3 Qa5 21. Qd3
Rd8 22. Ng5 e4 23. Qxe4 Bxc3+ 24. Ke2 Bg7 25. Qe6+ 1-0

[Event "SR 2. liga A 2003/2004"]
[Site "?"]
[Date "2004.02.21"]
[Round "11.1"]
[White "Likavsky, Tomas"]
[Black "Tepper, Frantisek"]
[Result "1/2-1/2"]
[WhiteElo "2482"]
[BlackElo "2232"]
[PlyCount "118"]
[EventDate "2003.??.??"]

1. d4 Nf6 2. Nf3 c5 3. d5 e6 4. Nc3 d6 5. e4 e5 6. a4 Bg4 7. h3 Bxf3 8. Qxf3
Be7 9. h4 Nbd7 10. Bd2 a6 11. a5 Qc7 12. b3 h6 13. g3 Nh7 14. Bh3 Ndf8 15. Na4
Bf6 16. Nb6 Rd8 17. c3 Ng6 18. Ke2 O-O 19. b4 Rfe8 20. Rab1 Ngf8 21. Qe3 cxb4
22. cxb4 Rb8 23. Rhc1 Qd8 24. Rc4 g5 25. h5 Bg7 26. Bf5 Nf6 27. g4 N8d7 28.
Rbc1 Nxb6 29. Qxb6 Qxb6 30. axb6 Bf8 31. f3 Red8 32. Rc8 Be7 33. Rxb8 Rxb8 34.
Rc8+ Rxc8 35. Bxc8 Bd8 36. Be3 Kf8 37. Bxb7 Nd7 38. Bc8 Nxb6 39. Bxa6 f6 40.
Kd3 Bc7 41. Kc3 Ke7 42. Bf2 Kd8 43. Bb7 Kd7 44. b5 Na4+ 45. Kc4 Bb6 46. Bc6+
Kc7 47. Be1 Nc5 48. Be8 Kb7 49. Bf7 Kc7 50. Be6 Kb7 51. Bf5 Kc7 52. Bg6 Kb7 53.
Bb4 Kc7 54. Kc3 Kb7 55. Kc2 Kc7 56. Kd2 Kd7 57. Bf5+ Kc7 58. Ke2 Nb3 59. Bc3
Nd4+ 1/2-1/2

[Event "SR 2. liga A 2003/2004"]
[Site "?"]
[Date "2004.02.21"]
[Round "11.1"]
[White "Oprea, Erik"]
[Black "Bisco, Igor"]
[Result "0-1"]
[WhiteElo "2083"]
[BlackElo "2187"]
[PlyCount "65"]
[EventDate "2003.??.??"]

1. e4 e5 2. f4 d5 3. exd5 e4 4. d3 Nf6 5. Nc3 Bb4 6. a3 Bxc3+ 7. bxc3 O-O 8. c4
Re8 9. Be2 c6 10. d6 Qxd6 11. d4 e3 12. Nf3 Ng4 13. O-O Qxf4 14. Qe1 Nf2 15.
Rxf2 exf2+ 16. Qxf2 Qf6 17. Bg5 Qg6 18. Rf1 Be6 19. h4 Nd7 20. Bd3 Qh5 21. Nd2
h6 22. Bf4 Nf6 23. Bg3 Rad8 24. c3 Qa5 25. Bf4 Qxc3 26. Be2 Qxd4 27. Be3 Qc3
28. Qf4 Bg4 29. Kf2 Bxe2 30. Re1 Bxc4 31. g4 Rxe3 32. Qxe3 Qxd2+ 33. Kg3 {
dalsie tahy sa nedali rekonstruovat.} 0-1

[Event "SR 2. liga A 2003/2004"]
[Site "?"]
[Date "2004.02.21"]
[Round "11.1"]
[White "Provaznik, Michal"]
[Black "Rohacek, Miroslav"]
[Result "1/2-1/2"]
[WhiteElo "2241"]
[BlackElo "2178"]
[PlyCount "25"]
[EventDate "2003.??.??"]

1. d4 Nf6 2. c4 c5 3. d5 e6 4. Nc3 exd5 5. cxd5 d6 6. Nf3 g6 7. h3 a6 8. a4 Qc7
9. Bg5 Bg7 10. e3 h6 11. Bh4 Bf5 12. Bd3 Bxd3 13. Qxd3 1/2-1/2

[Event "SR 2. liga A 2003/2004"]
[Site "?"]
[Date "2004.02.21"]
[Round "11.1"]
[White "Smolen, Jan"]
[Black "Szitkey, Milan"]
[Result "1-0"]
[WhiteElo "2274"]
[BlackElo "2243"]
[PlyCount "47"]
[EventDate "2003.??.??"]

1. c4 Nf6 2. Nc3 d5 3. d4 g6 4. cxd5 Nxd5 5. e4 Nxc3 6. bxc3 Bg7 7. Bc4 O-O 8.
Ne2 Nc6 9. Be3 Na5 10. Bd3 b6 11. h4 c5 12. h5 cxd4 13. cxd4 Nc6 14. hxg6 fxg6
15. Qc1 Ne5 16. Bc4+ Nxc4 17. Qxc4+ Rf7 18. Rxh7 b5 19. Rxg7+ Kxg7 20. Bh6+
Kxh6 21. Qxf7 Qa5+ 22. Kf1 Bb7 23. g4 Qd2 24. Qxe7 {time} 1-0

[Event "SR 2. liga A 2003/2004"]
[Site "?"]
[Date "2004.02.21"]
[Round "11.2"]
[White "Cvicela, Anton"]
[Black "Zamecnik, Frantisek"]
[Result "1-0"]
[WhiteElo "2170"]
[BlackElo "2128"]
[PlyCount "47"]
[EventDate "2003.??.??"]

1. e4 e5 2. Nf3 Nf6 3. Nc3 Nc6 4. d4 exd4 5. Nd5 Nxe4 6. Qe2 f5 7. Ng5 d3 8.
cxd3 Nd4 9. Qh5+ g6 10. Qh4 c6 11. dxe4 cxd5 12. exd5 Qf6 13. Kd1 h6 14. Nf3
Bg7 15. Bc4 Nxf3 16. Qxf6 Bxf6 17. gxf3 Kf7 18. d6+ Kg7 19. Re1 b6 20. Bd5 Rb8
21. Bd2 Bxb2 22. Re7+ Kf6 23. Rb1 Be5 24. Rf7# 1-0

[Event "SR 2. liga A 2003/2004"]
[Site "?"]
[Date "2004.02.21"]
[Round "11.2"]
[White "Dorica, Igor"]
[Black "Meszaros, Michal"]
[Result "0-1"]
[WhiteElo "2248"]
[BlackElo "2317"]
[PlyCount "72"]
[EventDate "2003.??.??"]

1. d4 Nf6 2. c4 g6 3. Nc3 d5 4. Nf3 Bg7 5. Qb3 dxc4 6. Qxc4 O-O 7. e4 Na6 8.
Qb3 c5 9. d5 e6 10. Bxa6 bxa6 11. O-O exd5 12. exd5 Bf5 13. Bf4 Re8 14. Rfd1
Qb6 15. h3 Ne4 16. Rac1 c4 17. Qxb6 axb6 18. Nd4 Nc5 19. Nxf5 gxf5 20. Be3 Nd3
21. Bxb6 Nxb2 22. Ba5 Bxc3 23. Bxc3 Nxd1 24. Rxd1 Rad8 25. Kf1 Rd7 26. d6 Re6
27. Bb4 f6 28. Rc1 Re4 29. f3 Rd4 30. Bc5 Rd2 31. a3 Rb7 32. Bb4 Rd4 33. Ke2 f4
34. Rc2 Rb5 35. Bd2 Rxd6 36. Bxf4 Rc6 0-1

[Event "SR 2. liga A 2003/2004"]
[Site "?"]
[Date "2004.02.21"]
[Round "11.2"]
[White "Janos, Martin"]
[Black "Stepanovic, Branislav"]
[Result "1-0"]
[WhiteElo "2148"]
[BlackElo "2090"]
[PlyCount "57"]
[EventDate "2003.??.??"]

1. d4 Nf6 2. Nf3 d5 3. Bf4 c5 4. e3 Qa5+ 5. c3 e6 6. Nbd2 cxd4 7. exd4 Bd7 8.
Qb3 b6 9. a4 a6 10. Bc7 Bb5 11. Bxb6 Qxb6 12. axb5 a5 13. Bd3 Nfd7 14. O-O Be7
15. c4 dxc4 16. Nxc4 Qd8 17. Be4 a4 18. Qe3 Ra7 19. Nfe5 Nb6 20. d5 exd5 21.
Nxb6 dxe4 22. Rac1 O-O 23. Rfd1 Qe8 24. Rd5 Bd8 25. Rcd1 Bxb6 26. Qxb6 Re7 27.
Rd8 Rxe5 28. Qxb8 Rxb5 29. Qd6 1-0

[Event "SR 2. liga A 2003/2004"]
[Site "?"]
[Date "2004.02.21"]
[Round "11.2"]
[White "Machalova, Maria"]
[Black "Horak, Ivan"]
[Result "1/2-1/2"]
[WhiteElo "2162"]
[BlackElo "2198"]
[PlyCount "30"]
[EventDate "2003.??.??"]

1. c4 Nf6 2. Nc3 c5 3. Nf3 Nc6 4. e3 e6 5. d4 d5 6. cxd5 Nxd5 7. Bd3 Be7 8. O-O
O-O 9. a3 Nf6 10. Bc2 Qd6 11. dxc5 Qxc5 12. e4 Rd8 13. Qe2 e5 14. Be3 Nd4 15.
Bxd4 exd4 1/2-1/2

[Event "SR 2. liga A 2003/2004"]
[Site "?"]
[Date "2004.02.21"]
[Round "11.2"]
[White "Minich, Peter"]
[Black "Bezuch, Martin"]
[Result "0-1"]
[WhiteElo "2210"]
[BlackElo "2140"]
[PlyCount "114"]
[EventDate "2003.??.??"]

1. e4 c5 2. g3 Nc6 3. Bg2 Nf6 4. Nc3 e6 5. Nge2 Rb8 6. d4 cxd4 7. Nxd4 Bb4 8.
Nde2 b5 9. O-O O-O 10. Bf4 d6 11. a3 Bxc3 12. Nxc3 Ne5 13. Bxe5 dxe5 14. Qxd8
Rxd8 15. Rfd1 Bd7 16. Na2 Kf8 17. f3 Rdc8 18. Rd2 Ke7 19. Rad1 a5 20. c3 Rb6
21. Kf2 Rc7 22. Ke3 Ne8 23. Bf1 Nd6 24. b3 f5 25. Rc1 Bc6 26. Bd3 Bb7 27. Rdc2
a4 28. bxa4 bxa4 29. c4 Rb3 30. Rc3 Rc5 31. Nb4 g5 32. Rxb3 axb3 33. Rb1 fxe4
34. fxe4 Nxc4+ 35. Bxc4 Rxc4 36. Rxb3 Rxe4+ 37. Kd3 Rd4+ 38. Ke3 Re4+ 39. Kd2
Bd5 40. Re3 Rd4+ 41. Ke1 Kd6 42. Rc3 h5 43. Nc2 Ra4 44. Nb4 e4 45. Kd2 Ke5 46.
Ke3 Ra8 47. Nc2 Rf8 48. Ke2 Rb8 49. Nb4 Rh8 50. Ke3 h4 51. Nc6+ Kf5 52. Kf2
hxg3+ 53. Kxg3 g4 54. Ne7+ Kf6 55. Rc7 e3 56. Kxg4 Be4 57. Rc8 Bd3 0-1

[Event "SR 2. liga A 2003/2004"]
[Site "?"]
[Date "2004.02.21"]
[Round "11.2"]
[White "Petreje, Juraj"]
[Black "Banas, Jan"]
[Result "0-1"]
[WhiteElo "2189"]
[BlackElo "2367"]
[PlyCount "92"]
[EventDate "2003.??.??"]

1. d4 Nf6 2. c4 g6 3. g3 Bg7 4. Bg2 d5 5. cxd5 Nxd5 6. Nc3 Nb6 7. Nf3 Nc6 8. e3
O-O 9. O-O e5 10. dxe5 Nxe5 11. Nxe5 Qxd1 12. Rxd1 Bxe5 13. Bf3 c6 14. e4 Be6
15. Bh6 Rfd8 16. Rxd8+ Rxd8 17. Rc1 f6 18. h4 Nc4 19. b3 Nd2 20. Bg2 Bg4 21.
Na4 Nf3+ 22. Kf1 Kf7 23. Be3 b6 24. Ke2 Nxh4+ 25. f3 Nxg2 26. fxg4 Nxe3 27.
Kxe3 c5 28. Nc3 Bxg3 29. Rf1 Ke6 30. Nd5 Be5 31. Rh1 Rd7 32. a4 Rb7 33. Kd3 a6
34. Rf1 b5 35. a5 Rf7 36. Rc1 Bd6 37. Rh1 Ke5 38. Rh2 Bc7 39. Rc2 f5 40. gxf5
gxf5 41. Ne3 fxe4+ 42. Ke2 Kd4 43. b4 cxb4 44. Rc6 b3 45. Rxa6 b2 46. Nc2+ Kc3
0-1

[Event "SR 2. liga A 2003/2004"]
[Site "?"]
[Date "2004.02.21"]
[Round "11.3"]
[White "Breja, Stanislav"]
[Black "Skreno, Vladimir"]
[Result "0-1"]
[WhiteElo "2123"]
[BlackElo "2146"]
[PlyCount "62"]
[EventDate "2003.??.??"]

1. e4 c5 2. c3 Nf6 3. e5 Nd5 4. d4 cxd4 5. cxd4 d6 6. Bc4 e6 7. Nc3 Nxc3 8.
bxc3 dxe5 9. dxe5 Qa5 10. Ne2 Qxe5 11. Bf4 Qe4 12. Qb3 Nc6 13. O-O-O Be7 14.
Rhg1 a6 15. f3 Qf5 16. Bc7 Qc5 17. Kb1 b5 18. Bd3 Ra7 19. Bf4 e5 20. Bg3 Na5
21. Qb4 Qxg1 22. Bxb5+ Kf8 23. Nxg1 Bxb4 24. Rd8+ Ke7 25. Rxh8 Bf5+ 26. Kb2
axb5 27. cxb4 Nc4+ 28. Ka1 Rd7 29. a4 Rd1+ 30. Ka2 Rxg1 31. axb5 Rb1 0-1

[Event "SR 2. liga A 2003/2004"]
[Site "?"]
[Date "2004.02.21"]
[Round "11.3"]
[White "Harasta, Vladimir"]
[Black "Machalova, Veronika"]
[Result "1/2-1/2"]
[WhiteElo "2171"]
[BlackElo "2156"]
[PlyCount "31"]
[EventDate "2003.??.??"]

1. d4 Nf6 2. c4 e6 3. Nf3 Bb4+ 4. Nbd2 b6 5. a3 Bxd2+ 6. Qxd2 Bb7 7. e3 O-O 8.
Be2 d6 9. O-O Nbd7 10. b4 Ne4 11. Qc2 c5 12. Nd2 Nxd2 13. Qxd2 Qg5 14. f3 Rfd8
15. Rd1 d5 16. Qb2 1/2-1/2

[Event "SR 2. liga A 2003/2004"]
[Site "?"]
[Date "2004.02.21"]
[Round "11.3"]
[White "Kovacocy, Pavel"]
[Black "Sukuba, Zdeno"]
[Result "1/2-1/2"]
[WhiteElo "2263"]
[BlackElo "2116"]
[PlyCount "56"]
[EventDate "2003.??.??"]

1. e4 c6 2. d4 d5 3. Nc3 dxe4 4. Nxe4 Nd7 5. Nf3 Ngf6 6. Nxf6+ Nxf6 7. h3 g6 8.
Bd3 Bg7 9. O-O O-O 10. Qe2 Qd6 11. c3 c5 12. dxc5 Qxc5 13. Be3 Qc7 14. Bd4 Nh5
15. Bxg7 Kxg7 16. Bc2 Nf4 17. Qe5+ Qxe5 18. Nxe5 Be6 19. Rfd1 Rfd8 20. a3 f6
21. Nf3 Bd5 22. Ne1 Bc6 23. f3 e5 24. Kf2 Kf8 25. h4 Ke7 26. g3 Ne6 27. Rxd8
Rxd8 28. Rd1 Rxd1 1/2-1/2

[Event "SR 2. liga A 2003/2004"]
[Site "?"]
[Date "2004.02.21"]
[Round "11.3"]
[White "Kralovic, Andrej"]
[Black "Nicolini, Alexander"]
[Result "0-1"]
[WhiteElo "2105"]
[BlackElo "2120"]
[PlyCount "160"]
[EventDate "2003.??.??"]

1. e4 c6 2. Nf3 d5 3. Nc3 Bg4 4. h3 Bxf3 5. Qxf3 e6 6. exd5 cxd5 7. d4 Nc6 8.
Ne2 Bd6 9. c3 Qf6 10. Qxf6 Nxf6 11. Nf4 O-O 12. g4 Rac8 13. Bg2 Na5 14. g5 Nd7
15. O-O b5 16. Nd3 Nb6 17. f4 g6 18. Rf3 Nb7 19. Ne5 Rc7 20. h4 Be7 21. h5 Nd6
22. Bh3 Nf5 23. hxg6 hxg6 24. Bd2 Kg7 25. Kf2 Rh8 26. Rh1 Nd6 27. Bg2 Rxh1 28.
Bxh1 Nbc4 29. Bc1 a5 30. Rh3 b4 31. Nxc4 Nxc4 32. b3 Nd6 33. Bb2 f6 34. gxf6+
Bxf6 35. Ke2 Nf5 36. Kd3 bxc3 37. Bxc3 Ra7 38. Bf3 a4 39. Bd1 axb3 40. Bxb3 Nd6
41. Bb4 Ne4 42. Rh2 Be7 43. Be1 Bd6 44. Ke3 g5 45. Rg2 Bxf4+ 46. Kd3 Kf6 47. a4
Kf5 48. Bd1 Kf6 49. a5 Bc7 50. Ra2 Kf5 51. a6 e5 52. Ba4 Bb6 53. Bc6 Bxd4 54.
Bxd5 Nc5+ 55. Ke2 Rxa6 56. Rc2 Rh6 57. Rc4 Rh2+ 58. Kf3 g4+ 59. Kg3 Re2 60. Bb4
Ne4+ 61. Bxe4+ Rxe4 62. Rc8 Bf2+ 63. Kxf2 Rxb4 64. Rf8+ Ke4 65. Re8 Rb3 66. Kg2
Kd4 67. Rd8+ Ke3 68. Kg3 Rd3 69. Re8 e4 70. Kxg4 Rd7 71. Kf5 Rf7+ 72. Ke6 Rf4
73. Ke5 Rh4 74. Kf5 Kf3 75. Kg5 Rg4+ 76. Kf5 Rf4+ 77. Kg5 e3 78. Rh8 Ra4 79.
Rf8+ Ke2 80. Rd8 Kf2 0-1

[Event "SR 2. liga A 2003/2004"]
[Site "?"]
[Date "2004.02.21"]
[Round "11.3"]
[White "Manak, Jozef"]
[Black "Janos, Jozef"]
[Result "1-0"]
[WhiteElo "2076"]
[BlackElo "2206"]
[PlyCount "113"]
[EventDate "2003.??.??"]

1. e4 c5 2. Nf3 e6 3. d4 cxd4 4. Nxd4 a6 5. c4 Nf6 6. Nc3 d6 7. Be2 Nbd7 8. O-O
Qc7 9. Be3 b6 10. Rc1 Bb7 11. f3 Be7 12. Qd2 Rc8 13. Rfd1 O-O 14. Kh1 Rfd8 15.
b3 Qb8 16. Bd3 Bf8 17. Bb1 Ba8 18. Bg5 Re8 19. f4 h6 20. Bh4 Be7 21. Bg3 Nh5
22. Bf2 Nf8 23. Be3 Nf6 24. Rf1 b5 25. cxb5 axb5 26. Ndxb5 Nxe4 27. Bxe4 Bxe4
28. Nxe4 Qxb5 29. Nxd6 Bxd6 30. Qxd6 Qe2 31. Qd2 Qg4 32. Rxc8 Rxc8 33. h3 Qf5
34. Rf2 Qe4 35. Kh2 h5 36. b4 Qb1 37. Bc5 Ng6 38. a4 Qb3 39. a5 h4 40. a6 Ra8
41. a7 Qg3+ 42. Kg1 Qa3 43. Qe3 Qa6 44. Rd2 Re8 45. f5 Nf8 46. Qe2 Qc8 47. f6
Ng6 48. Ra2 Qa8 49. Qf3 Ne5 50. Qxa8 Rxa8 51. fxg7 Nd7 52. Bf2 Kxg7 53. b5 Kf6
54. b6 Nxb6 55. Bxb6 e5 56. Bd8+ Ke6 57. Bc7 1-0

[Event "SR 2. liga A 2003/2004"]
[Site "?"]
[Date "2004.02.21"]
[Round "11.3"]
[White "Seitler, Andrej"]
[Black "Fabry, Robert"]
[Result "1/2-1/2"]
[WhiteElo "2144"]
[BlackElo "2132"]
[PlyCount "103"]
[EventDate "2003.??.??"]

1. e4 e5 2. Nc3 Nf6 3. Bc4 Nc6 4. d3 Be7 5. Nge2 Na5 6. O-O d6 7. f4 Nxc4 8.
dxc4 exf4 9. Nxf4 c6 10. h3 Qa5 11. Qd3 O-O 12. b3 Be6 13. Bd2 Qe5 14. Rae1
Rad8 15. Qe3 b6 16. Nd3 Qh5 17. Ne2 Rfe8 18. Nef4 Qh6 19. Qf3 Nd7 20. Re2 Ne5
21. Nxe5 dxe5 22. Nd3 Bg5 23. Be1 f6 24. g4 Bh4 25. Bd2 Qg6 26. Kh2 h6 27. Be3
Bg5 28. Rd2 Bxe3 29. Qxe3 h5 30. gxh5 Qxh5 31. Rg2 Qh4 32. Qg3 Qxg3+ 33. Rxg3
Rd4 34. Rxf6 Rxe4 35. Rfg6 Re7 36. Kg2 Rh4 37. R6g5 e4 38. Ne5 Rh6 39. Nxc6
Bxh3+ 40. Rxh3 Rxc6 41. Kf2 Rf6+ 42. Ke2 Rf4 43. a4 Ref7 44. Rh2 Re7 45. Rf2
Rh4 46. Rfg2 Rf4 47. R5g4 Rf5 48. R2g3 Rh5 49. Ke3 Rh1 50. Rg2 Rh3+ 51. R4g3
Rh4 52. Rg4 1/2-1/2

[Event "SR 2. liga A 2003/2004"]
[Site "?"]
[Date "2004.02.21"]
[Round "11.4"]
[White "Antol, Ladislav"]
[Black "Kovarik, Oto"]
[Result "1/2-1/2"]
[WhiteElo "2057"]
[BlackElo "2128"]
[PlyCount "20"]
[EventDate "2003.??.??"]

1. e4 e6 2. d4 d5 3. Nd2 c5 4. Ngf3 cxd4 5. Nxd4 Nf6 6. exd5 Qxd5 7. N2f3 a6 8.
Bd3 e5 9. Qe2 Bb4+ 10. c3 O-O 1/2-1/2

[Event "SR 2. liga A 2003/2004"]
[Site "?"]
[Date "2004.02.21"]
[Round "11.4"]
[White "Eged, Igor"]
[Black "Hecko, Dusan"]
[Result "1/2-1/2"]
[WhiteElo "2113"]
[BlackElo "2176"]
[PlyCount "76"]
[EventDate "2003.??.??"]

1. d4 Nf6 2. c4 g6 3. Nc3 d5 4. cxd5 Nxd5 5. e4 Nxc3 6. bxc3 Bg7 7. Be3 O-O 8.
Bc4 c5 9. Qd2 cxd4 10. cxd4 Nc6 11. Ne2 Qa5 12. Rd1 Qxd2+ 13. Rxd2 Na5 14. Bd3
Bd7 15. O-O a6 16. Rc1 Rfc8 17. Rdc2 Rxc2 18. Rxc2 Rc8 19. Rxc8+ Bxc8 20. d5 b5
21. Bd4 Bxd4 22. Nxd4 Nb7 23. Nc6 Kf8 24. f3 e6 25. Kf2 exd5 26. exd5 Ke8 27.
Ke3 Nd6 28. Kd4 Kd7 29. Ke5 Ne8 30. g4 f6+ 31. Kd4 Kd6 32. Nd8 Ke7 33. Nc6+ Kd7
34. Kc5 Kc7 35. h4 Nd6 36. Ne7 Nb7+ 37. Kd4 Bd7 38. Ng8 f5 1/2-1/2

[Event "SR 2. liga A 2003/2004"]
[Site "?"]
[Date "2004.02.21"]
[Round "11.4"]
[White "Kebis, Milos"]
[Black "Gasa, Andrej"]
[Result "0-1"]
[WhiteElo "2088"]
[BlackElo "2188"]
[PlyCount "70"]
[EventDate "2003.??.??"]

1. c4 c5 2. Nc3 Nc6 3. Nf3 g6 4. g3 Bg7 5. Bg2 e5 6. O-O Nge7 7. d3 d6 8. a3
O-O 9. Rb1 a5 10. Bd2 Rb8 11. e3 b6 12. Nb5 d5 13. Re1 e4 14. dxe4 dxe4 15. Ng5
f5 16. Bc3 Bxc3 17. Nxc3 Ne5 18. Qe2 N7c6 19. Nh3 Nd3 20. Red1 Nce5 21. b3 Bb7
22. Nf4 Qe8 23. Rd2 g5 24. Nfd5 Bxd5 25. Nxd5 g4 26. h4 b5 27. Rbd1 bxc4 28.
bxc4 Rb3 29. Ra2 Qf7 30. Qc2 Rfb8 31. Rf1 Kg7 32. Bh1 Qe6 33. Bg2 Kf7 34. Rd1
Qa6 35. Rxd3 exd3 0-1

[Event "SR 2. liga A 2003/2004"]
[Site "?"]
[Date "2004.02.21"]
[Round "11.4"]
[White "Lahucky, Pavol"]
[Black "Pacher, Milan"]
[Result "1/2-1/2"]
[WhiteElo "2044"]
[BlackElo "2051"]
[PlyCount "97"]
[EventDate "2003.??.??"]

1. c4 Nf6 2. Nc3 e6 3. e4 d5 4. exd5 exd5 5. d4 Bb4 6. Be3 O-O 7. Nf3 Nc6 8. h3
Re8 9. Be2 dxc4 10. Bxc4 Nd5 11. Bxd5 Qxd5 12. O-O Bxc3 13. bxc3 Na5 14. Nd2
Nc4 15. Nxc4 Qxc4 16. Qc2 Re6 17. Rfe1 Rc6 18. Bf4 Be6 19. Re3 Qxd4 20. Qxh7+
Kxh7 21. cxd4 Rd8 22. Ra3 a6 23. Be3 Rc2 24. Ra5 Rd5 25. Rxd5 Bxd5 26. a3 c6
27. g4 Rc4 28. Kh2 Ra4 29. Kg3 b5 30. f4 b4 31. Bc1 b3 32. Bb2 Rc4 33. Rc1 Kg6
34. Rxc4 Bxc4 35. h4 a5 36. Kf3 a4 37. f5+ Kh7 38. Kf4 f6 39. Ke4 Be2 40. Kf4
Kg8 41. g5 Bd3 42. Bc3 Kf7 43. gxf6 gxf6 44. h5 Kg7 45. Bb2 Bc4 46. Bc3 Kh6 47.
d5 Bxd5 48. Bxf6 Kxh5 49. Bb2 1/2-1/2

[Event "SR 2. liga A 2003/2004"]
[Site "?"]
[Date "2004.02.21"]
[Round "11.4"]
[White "Marko, Vladimir"]
[Black "Moravcik, Marian"]
[Result "1-0"]
[WhiteElo "2010"]
[BlackElo "2073"]
[PlyCount "77"]
[EventDate "2003.??.??"]

1. f4 d5 2. Nf3 c5 3. e3 a6 4. d4 e6 5. c3 Nf6 6. Bd3 Nc6 7. O-O Bd6 8. Nbd2 c4
9. Bc2 b5 10. Ne5 Qc7 11. e4 dxe4 12. Nxe4 Nxe4 13. Bxe4 Bb7 14. Qf3 Nd8 15. f5
O-O 16. f6 g6 17. Qh3 Re8 18. Rf4 Bxe5 19. dxe5 Qxe5 20. Be3 h5 21. Bxb7 Nxb7
22. g4 g5 23. Rf2 h4 24. Qf3 Nc5 25. Bd4 Qd6 26. Qe3 Qf8 27. Qxg5+ Kh7 28. Bxc5
Qh6 29. Qe5 Rad8 30. g5 Qg6 31. Qf4 Qh5 32. Rg2 Rg8 33. Rg4 h3 34. Qe4+ Kh8 35.
Be3 Rd5 36. Rh4 Rgxg5+ 37. Bxg5 Rxg5+ 38. Kh1 Kg8 39. Rxh5 1-0

[Event "SR 2. liga A 2003/2004"]
[Site "?"]
[Date "2004.02.21"]
[Round "11.4"]
[White "Puchart, Vladimir"]
[Black "Vychodil, Michal"]
[Result "0-1"]
[WhiteElo "2145"]
[BlackElo "2070"]
[PlyCount "60"]
[EventDate "2003.??.??"]

1. d4 Nf6 2. c4 c5 3. d5 b5 4. Nf3 g6 5. g3 d6 6. Bg2 Bg7 7. O-O O-O 8. Re1
bxc4 9. Nfd2 c3 10. Nxc3 Nbd7 11. h3 Nb6 12. Kh2 Rb8 13. f4 e6 14. dxe6 fxe6
15. Qc2 d5 16. e4 d4 17. Nd1 Qc7 18. Nf3 Rd8 19. Nf2 c4 20. Rd1 Qc5 21. e5 Nfd5
22. Rxd4 Ba6 23. Ne4 Qc7 24. Neg5 Qc6 25. Bd2 Bf8 26. Nh4 Rd7 27. Be4 Bc5 28.
Bc3 Bxd4 29. Bxd4 Re8 30. Rd1 Qb5 {time} 0-1

[Event "SR 2. liga A 2003/2004"]
[Site "?"]
[Date "2004.02.21"]
[Round "11.5"]
[White "Furjel, Andrej"]
[Black "Vrba, Michal"]
[Result "0-1"]
[WhiteElo "1905"]
[BlackElo "1863"]
[PlyCount "50"]
[EventDate "2003.??.??"]

1. Nf3 Nf6 2. c4 e6 3. Nc3 d5 4. d4 Nbd7 5. Bg5 Be7 6. e3 h6 7. Bh4 O-O 8. Bd3
b6 9. O-O Bb7 10. Rc1 c5 11. Re1 a6 12. a4 dxc4 13. Bxc4 Nd5 14. Bxe7 Nxe7 15.
Qe2 Nc6 16. Red1 cxd4 17. exd4 Na5 18. Ba2 Nf6 19. Ne5 Rc8 20. b4 Nc6 21. Nxc6
Rxc6 22. b5 axb5 23. Nxb5 Qa8 24. Nc3 Rfc8 25. Qd2 Qa5 0-1

[Event "SR 2. liga A 2003/2004"]
[Site "?"]
[Date "2004.02.21"]
[Round "11.5"]
[White "Isa, Vlastimil"]
[Black "Gajarsky, Roman"]
[Result "1/2-1/2"]
[WhiteElo "2007"]
[BlackElo "2021"]
[PlyCount "24"]
[EventDate "2003.??.??"]

1. e4 e6 2. d4 d5 3. Nd2 c5 4. Ngf3 Nc6 5. exd5 Qxd5 6. Bc4 Qh5 7. dxc5 Bxc5 8.
Ne4 Qg4 9. Qd3 Be7 10. O-O Nf6 11. Re1 O-O 12. h3 Qf5 1/2-1/2

[Event "SR 2. liga A 2003/2004"]
[Site "?"]
[Date "2004.02.21"]
[Round "11.5"]
[White "Kruppa, Dominik"]
[Black "Kuna, Vladimir"]
[Result "1/2-1/2"]
[WhiteElo "2038"]
[BlackElo "2149"]
[PlyCount "36"]
[EventDate "2003.??.??"]

1. e4 c5 2. Nf3 d6 3. d4 cxd4 4. Nxd4 Nf6 5. Nc3 a6 6. Be2 e6 7. a4 Qc7 8. O-O
Be7 9. Be3 Nbd7 10. f4 b6 11. Bf3 Bb7 12. Qe2 Rc8 13. Bf2 O-O 14. Rfe1 Rfd8 15.
g4 Nf8 16. g5 N6d7 17. Bg2 Ng6 18. Qg4 Ndf8 1/2-1/2

[Event "SR 2. liga A 2003/2004"]
[Site "?"]
[Date "2004.02.21"]
[Round "11.5"]
[White "Sarmir, Milos"]
[Black "Mandak, Miroslav"]
[Result "1-0"]
[WhiteElo "2152"]
[BlackElo "2082"]
[PlyCount "93"]
[EventDate "2003.??.??"]

1. e4 e5 2. Nf3 Nc6 3. Bb5 a6 4. Ba4 Nf6 5. O-O b5 6. Bb3 Be7 7. Re1 d6 8. c3
Na5 9. Bc2 c5 10. d4 Qc7 11. h3 O-O 12. Be3 Nc4 13. b3 Nxe3 14. Rxe3 Bb7 15. d5
Ne8 16. Nbd2 g6 17. g4 Ng7 18. c4 f5 19. exf5 gxf5 20. Nf1 Bc8 21. gxf5 Bxf5
22. Bxf5 Nxf5 23. Re4 Kh8 24. Ng3 Qd7 25. Kg2 Rg8 26. Qe2 Raf8 27. Re1 Bd8 28.
Rg4 Rxg4 29. hxg4 Nxg3 30. Kxg3 bxc4 31. bxc4 Qg7 32. Rh1 Rf4 33. Nd2 Qg6 34.
f3 Qc2 35. Qh2 Rf7 36. Qh6 Rf6 37. Qe3 Qxa2 38. Qd3 Rf7 39. Qg6 Rg7 40. Qxd6
Be7 41. Qb8+ Rg8 42. Qxe5+ Rg7 43. Rb1 Kg8 44. Rb8+ Bf8 45. Ne4 Qa5 46. Nf6+
Kf7 47. Rxf8+ 1-0

[Event "SR 2. liga A 2003/2004"]
[Site "?"]
[Date "2004.02.21"]
[Round "11.5"]
[White "Szollos, Ondrej"]
[Black "Bukovsky, Milan"]
[Result "1-0"]
[WhiteElo "2051"]
[BlackElo "2044"]
[PlyCount "77"]
[EventDate "2003.??.??"]

1. Nf3 Nf6 2. d3 d5 3. c3 c5 4. Qc2 Nc6 5. e4 e5 6. Bg5 Be7 7. Be2 O-O 8. O-O
Be6 9. Nbd2 h6 10. Bh4 Nh5 11. Bg3 Nxg3 12. hxg3 Qd7 13. Rad1 Rad8 14. Rfe1 f5
15. Nh2 Rf6 16. Bf3 fxe4 17. dxe4 d4 18. Qb1 Rdf8 19. Ndf1 g5 20. Ne3 Bd6 21.
Nd5 Rg6 22. Rd2 g4 23. Bd1 Qh7 24. Bc2 h5 25. Nf4 Rxf4 26. gxf4 Rg7 27. f5 Bf7
28. Qd1 Be7 29. Qe2 Bg5 30. Rdd1 g3 31. Nf3 gxf2+ 32. Qxf2 Be3 33. Rxe3 dxe3
34. Qxe3 h4 35. Nxe5 Rg3 36. Qf4 Qh5 37. Nxc6 Qe2 38. Rd8+ Kh7 39. Qxh4+ 1-0

[Event "SR 2. liga A 2003/2004"]
[Site "?"]
[Date "2004.02.21"]
[Round "11.6"]
[White "Bury, Rastislav"]
[Black "Samko, Karol"]
[Result "1/2-1/2"]
[WhiteElo "2031"]
[BlackElo "1998"]
[PlyCount "26"]
[EventDate "2003.??.??"]

1. e4 c6 2. d4 d5 3. e5 Bf5 4. Nf3 e6 5. Be2 c5 6. Be3 cxd4 7. Nxd4 Ne7 8. Bg5
Qa5+ 9. Nc3 Bg6 10. Nb3 Qb6 11. Nb5 Nec6 12. Be3 Qd8 13. f4 a6 1/2-1/2

[Event "SR 2. liga A 2003/2004"]
[Site "?"]
[Date "2004.02.21"]
[Round "11.6"]
[White "Mikulas, Dusan"]
[Black "Hanzluvka, Peter"]
[Result "1-0"]
[WhiteElo "2143"]
[BlackElo "2071"]
[PlyCount "53"]
[EventDate "2003.??.??"]

1. e4 c5 2. Nf3 a6 3. Nc3 Nc6 4. d4 cxd4 5. Nxd4 Nf6 6. f4 d6 7. Nf3 Qb6 8. Bd3
e5 9. f5 g6 10. Qe2 Ne7 11. fxg6 hxg6 12. Rb1 Be6 13. Be3 Qa5 14. Ng5 Bh6 15.
Nxe6 fxe6 16. Bxh6 Rxh6 17. Qe3 Rh7 18. Be2 Qc7 19. O-O Neg8 20. Rf2 O-O-O 21.
Rbf1 Qg7 22. Qa7 Qh6 23. h3 Nd7 24. Na4 Ne7 25. Bxa6 bxa6 26. Rf3 Nc6 27. Rc3
1-0